000 003140000a22001450004500
005 20120302062408.0
942 _cBOOK
245 _a Pashwaalabha Meemaansaa
260 _aPune:Aanandashram,
300 _a41p
040 _aSAN
650 _aSanskrut
650 _aSankeerna
650 _aPashwaalabha Meemaansaa
999 _c356588
_d356585